000 00506nam a22001577a 4500
999 _c1096
_d1096
008 200109b ||||| |||| 00| 0 eng d
082 0 0 _a623.8171
_bT2381
100 _9672
_aTaylor, Captain L.G.
245 1 0 _aThe principles of ship stability; the application of the theoretical principles to the practical handling of ships
_cby Captain L G Taylor
250 _a1st
260 _aGlasgow
_bBrown,Son & Ferguson
_c1948
300 _aix,124p.
365 _d7.14
650 0 _aStability of ships
942 _cBK